00381pab a2200133 454500008004000000100001700040245009500057260000900152300001600161362001000177650002400187650001600211773002000227180718b2009 xxu||||| |||| 00| 0 eng d aBaskaran, C. aAn approach of e-resources access through the consortiums in India: problems and prospects c2009 ap.11-13,16. a7 Sep aE resources - India aE resources aUniversity News